| 000 | 00513nam a2200157Ia 4500 | ||
|---|---|---|---|
| 008 | 151213s9999 xx 000 0 und d | ||
| 020 | _a0-87207-.344-0 | ||
| 100 | _aMargaret Tayler Stewart | ||
| 245 |
_aBest Practice , Insights Or Literary Instruction Form An Elementary Classroom _cMargaret Tayler Stewart |
||
| 260 |
_aNew York _bInternational Reading Association _c2002 |
||
| 300 | _a6487 p. | ||
| 650 | _aEnglish Language | ||
| 650 | _aEnglish Language | ||
| 700 | _aMargaret Tayler Stewart | ||
| 999 |
_c3578 _d3578 |
||